Loading...

YUGASANGMAM

Bibliographic Details
Main Author: CHANDRASEKHARAN NAIR N
Format: Printed Book
Published: Kottayam NATIONAL BOOK STALL 1967
Subjects:
LEADER 00468nam a2200169 4500
020
082 |a 894.812 2 CHA 
100 |a CHANDRASEKHARAN NAIR N 
245 |a YUGASANGMAM  |h MALAYALAM 
250
260 |a Kottayam  |b NATIONAL BOOK STALL  |c 1967 
300 |a 173 p  |f PB 
650 |a YUGASANGMAM 
700
942 |c REF 
999 |c 158558  |d 158558 
952 |0 0  |1 0  |4 0  |6 894_812000000000000_2_CHA  |7 0  |9 172015  |a ORI  |b ORI  |l 0  |o 894.812 2 CHA  |p ORIG253/M  |r 2019-10-25  |w 2019-10-25  |y REF